Регионална библиотека "Любен Каравелов" - Русе

Философия и съвременна биология (Запис номер 132454)

MARC детайли
000 -Лидер
Контролно поле с фиксирана дължина nam a22 a 4500
003 - Код на организацията, давaща контролен номер
Контролно поле BLK
005 - Дата и час на последна редакция
Контролно поле 20220908100939.0
008 - Елементи от данни с фиксирана дължина
fixed length control field 180409b bul|||||r ||||||| ||bul||
010 ## - Наследен системен номер
LC control number KNG00138321000
040 ## - Източник на каталожния запис
Идентификатор на билиотеката - собственик на записа BLK
041 ## - Код за език
Код за езика на текст/звукозапис или на отделно заглавие Български
Код за езика КДБФ Български
080 ## - УДК
Текстов определител УДК Общи работи. Философски науки в цялост
УДК код - определител по УДК 101
УДК - код + определител 101
080 ## - УДК
Текстов определител УДК Биологични науки
УДК код - определител по УДК 57
УДК - код + определител 57
139 ## - Редно поле
Редна дума Философия и съвременна биология
Авторски знак Фило - Ф 51
245 10 - Сведения за заглавието
Заглавие Философия и съвременна биология
Редно поле (дума) ред. Иван Тимофеевич Фролов; прев. от рус. Недялка Хрисчева.
257 ## - Страна на издаване
Страна на създаване/издаване СССР
260 ## - Област на издателските данни
Място на издаване, разпространение и проч. София
Име на издателя, разпространителя и проч. Партиздат
Година на издаване 1974
Печатница В. Търново : Д. Найденов
300 ## - Физическа характеристика
Страници 310 с.
Размери/Мащаб 21 см
380 ## - Жанр
Жанр Философия
500 ## - Общи забележки
Забележка Други ред.: Арчжил Я. Илин, С. А. Пастушни, Регина С. Карпинска, И. Н. Смирнов, отбелязан и на гърба на загл. с. - Ориг. загл. Философия и современная биология. - 2 110 тир.
650 #4 - Допълнително описание по предмет – тема
Основно описание – тема или топоним Философия
9 (RLIN) 175490
650 #4 - Допълнително описание по предмет – тема
Основно описание – тема или топоним Биология
9 (RLIN) 148670
653 ## - Ключова дума – ненормативна
Ключова дума философия
653 ## - Ключова дума – ненормативна
Ключова дума биология
700 1# - Други автори (авторска отговорност)
Лично име Фролов, Иван Тимофеевич
Автороска отговорност (Описва отношението между автора и произведението) ред.
9 (RLIN) 378368
700 1# - Други автори (авторска отговорност)
Лично име Хрисчева, Недялка
Автороска отговорност (Описва отношението между автора и произведението) прев. от рус.
9 (RLIN) 138553
852 ## - Местоположение
Форматна сигнатура Цб 73654
Фондова буква Хранилище
856 4# - Електронен адрес и достъп
Електронен формат pdf - файл
856 4# - Електронен адрес и достъп
Електронен формат pdf - файл
999 ## - СИСТЕМНИ КОНТРОЛНИ НОМЕРА
Koha biblionumber 132454
Koha biblioitemnumber 132454
942 ## - АРТИКУЛИ
Вид на библиотечния материал Книги
Скрит в OPAC Не
Периодичен библиозапис Да
944 ## - СЪЗДАВАНЕ И РЕДАКЦИЯ на ЗАПИСА
Създаване/Редакция Създаване
Дата на регистрацията/редакция 23.01.2013
Статус, дата на статуса 23.01.2013 - от С1,Р / 23.01.2013
Служител, извършил регистрацията/редакцията Камелия_Данева
944 ## - СЪЗДАВАНЕ И РЕДАКЦИЯ на ЗАПИСА
Създаване/Редакция Редакция
Дата на регистрацията/редакция 2022-09-08
Служител, извършил регистрацията/редакцията ир
999 ## - СИСТЕМНИ КОНТРОЛНИ НОМЕРА
Koha biblioitemnumber 132454
Наличности
Код за отписване Код за изгубен артикул Източник на класификационната схема Код за повреда Коз за рестрикции Код за отдаване Артикулен № Име на библиотеката - собственик Име на библиотеката, в която се намира в момента Статус (Текущо местоположение) Дата на вписване в системата Местоположение - отдел Цена в лева Инвентарен номер Систематично азбучна сигнатура Баркод Номер на екземпляра Цена в евро Служебна бележка Служебен тип на артикула
  Не е изгубен Universal Decimal Classification Не е повреден само за читалня ползва се в читалня 216060 Регионална библиотека "Любен Каравелов" Русе Регионална библиотека "Любен Каравелов" Русе Хранилище 1974-01-01 Хранилище 1.67 163563 Цб 73654 120000163563 1 0.85 N: стар фонд Дата: 01.01.1974 Книги
Изтеглен Не е изгубен Universal Decimal Classification Не е повреден без рестрикции заемане за дома 216061 Регионална библиотека "Любен Каравелов" Русе Регионална библиотека "Любен Каравелов" Русе Заемна - подръчен фонд 1974-01-01 Заемна - подръчен фонд 1.67 166764 П 101/Ф 51 166764 2 0.85 N: стар фонд Дата: 01.01.1974 Дата инв: 01.02.2018 Бележки инв: П2018 Книги
Vip Innovations Ltd, Rousse, Bulgaria 2025